000 00933nam a22002057a 4500
008 110906s1958 ua|||||r|||| 00| 0 ara d
082 _222
_a239
_bم ؤ ن
100 _916482
_aمؤنس ، حسين
245 _aدراسات في السيرة النبوية /
_cحسين مؤنس
260 _aالقاهرة :
_bالزهراء للإعلام العربي، 1988
_c1988
300 _a326 ص ؛
_c24 سم
504 _a يشتمل على إرجاعات ببليوجرافية ص 289-307 و كشافات
650 _98737
_aغزوات النبى
650 _913450
_aالسيرة النبوية
650 _922340
_aالإسراء والمعراج
650 _927034
_aالمهاجرون والأنصار
653 _bGeneral
942 _2ddc
_cBB
999 _c15964
_d15964